Most Common U.S. County Names - Statistics

General Stats
  • This quiz has been taken 38 times
  • The average score is 14 of 30
Answer Stats
No. Named for: Answer % Correct
31 President Washington County
100%
24 President Jackson County
88%
26 President Jefferson County
88%
24 President Lincoln County
88%
20 President Madison County
88%
25 Statesman Franklin County
85%
17 President Monroe County
85%
12 President Adams County
82%
15 President Grant County
82%
12 Vice President Johnson County
65%
12 Geographic Feature Lake County
59%
12 General Lee County
59%
12 President Polk County
59%
12 Explorer Clark County
56%
16 Officer Greene County
47%
18 Senator Clay County
38%
12 Founding Father Marshall County
32%
18 General Montgomery County
26%
18 Concept Union County
26%
12 Senator Douglas County
21%
11 General Scott County
21%
14 Founding Father Warren County
21%
11 Vice President Calhoun County
18%
11 Officer Fayette County
18%
17 Officer Marion County
18%
16 Founding Father Wayne County
15%
13 Founding Father Carroll County
12%
11 Officer Lawrence County
12%
11 Commander Morgan County
12%
11 Secretary Crawford County
6%
No matching quizzes found
Score Distribution
Percent of People with Each Score
Percentile by Number Answered
Your Score History
You have not taken this quiz